|
|
|
|
| LEADER |
01534nam a2200385Ia 4500 |
| 001 |
EBC3014456 |
| 003 |
MiAaPQ |
| 005 |
20200520144314.0 |
| 006 |
m o d | |
| 007 |
cr cn||||||||| |
| 008 |
060626s2006 dcua sb i000 0 eng d |
| 035 |
|
|
|a (MiAaPQ)EBC3014456
|
| 035 |
|
|
|a (Au-PeEL)EBL3014456
|
| 035 |
|
|
|a (CaPaEBR)ebr10380833
|
| 035 |
|
|
|a (CaONFJC)MIL382630
|
| 035 |
|
|
|a (OCoLC)246924537
|
| 040 |
|
|
|a MiAaPQ
|c MiAaPQ
|d MiAaPQ
|
| 050 |
|
4 |
|a HD6054.2.C2
|b T76 2006
|
| 100 |
1 |
|
|a Tsounta, Evridiki.
|
| 245 |
1 |
0 |
|a Why are women working so much more in Canada?
|h [electronic resource] :
|b an international perspective /
|c Evridiki Tsounta.
|
| 260 |
|
|
|a [Washington, D.C.] :
|b International Monetary Fund, Western Hemispher Dept.,
|c 2006.
|
| 300 |
|
|
|a 37 p. :
|b ill.
|
| 490 |
1 |
|
|a IMF working paper ;
|v WP/06/92
|
| 500 |
|
|
|a "February 2006."
|
| 504 |
|
|
|a Includes bibliographical references.
|
| 533 |
|
|
|a Electronic reproduction. Ann Arbor, MI : ProQuest, 2015. Available via World Wide Web. Access may be limited to ProQuest affiliated libraries.
|
| 610 |
2 |
0 |
|a Gulf Cooperation Council.
|
| 650 |
|
0 |
|a International economic integration.
|
| 650 |
|
0 |
|a Monetary unions
|z Gulf Cooperation Council countries.
|
| 655 |
|
4 |
|a Electronic books.
|
| 700 |
1 |
|
|a Dziobek, Claudia.
|
| 710 |
2 |
|
|a International Monetary Fund.
|b Statistics Dept.
|
| 710 |
2 |
|
|a ProQuest (Firm)
|
| 830 |
|
0 |
|a IMF working paper ;
|v WP/06/92.
|
| 856 |
4 |
0 |
|u https://ebookcentral.proquest.com/lib/matrademy/detail.action?docID=3014456
|z Click to View
|